Literary Genre Trios Quiz Stats

 Plays Quiz Updated Sep 26, 2015

Challenge
Share
Tweet
Embed
Score 0/30 Timer 06:00
1 Play Today
% Correct
A Midsummer Night's Dream
98.4%
Twelfth Night
89%
As You Like It
87%
Tao Te Ching
85.3%
Antigone
79.1%
Dracula
78.2%
Orestes
73.6%
Medea
73.1%
The Art of War
70.8%
Waiting for Godot
67.1%
Watchmen
62.5%
Let America be America Again
56.1%
Rosencrantz and Guildenstern Are Dead
55.1%
The Rime of the Ancient Mariner
50.8%
One Hundred Years of Solitude
50.7%
% Correct
The Love Song of J. Alfred Prufrock
48.9%
The Castle of Otranto
48.8%
Maus
47.1%
The Waste Land
46.8%
Montage of a Dream Deferred
46.1%
Like Water for Chocolate
45.9%
The House of the Spirits
45.9%
Persepolis
43.9%
No Exit
42.3%
The Mysteries of Udolpho
38.5%
If We Must Die
35.2%
Childe Harold's Pilgrimage
28.6%
The Cantos
25.7%
Spring and Autumn Annals
22.5%
The Bronze Horseman
14.6%

You're not logged in!

Compare scores with friends on all Sporcle quizzes.
OR
Log In

You Might Also Like...

Show Comments

Extras

Top Quizzes Today


Score Distribution

Your Account Isn't Verified!

In order to create a playlist on Sporcle, you need to verify the email address you used during registration. Go to your Sporcle Settings to finish the process.

Report this User

Report this user for behavior that violates our Community Guidelines.

Details: